00843cam a2200229 i 450000100090000000300050000900500170001400800410003101000170007202000260008904000280011504200080014305000280015108200120017910000240019124500980021526000500031330000300036350000510039365000320044477601370047618512875SISC20161211124902.0150303s2015 nju b 001 0 eng  a 2015001931 a9781118662878 (cloth) aDLCbengcDLCerdadDLC apcc00aQA 76.76.T48b.M56 201500a005.1/41 aMili, Ali,eauthor.10aSoftware testing :bconcepts and operations /cAli Mili, NJIT, USA, Fairouz Tchier, KSU, KSA. aNew Jersey :bJohn Wiley & Sons, Inc.,c2015. axvii, 380 pages ;c25 cm. aIncludes bibliographical references and index. 0aComputer softwarexTesting.08iOnline version:aMili, Ali.tSoftware testingdHoboken, New Jersey : John Wiley & Sons Inc., [2015]z9781119065579w(DLC) 2015010027